000 00205 a2200097 4500
001 51226
100 _aBrookner C
245 _aRadar Technology
260 _aNew York
_bP H Inc
_c
090 _c32418
_d32418
942 _aNUST-CAE
_cM
_c24912
999 _c286299
_d286299